I'm frankie sterne

Shranjeno v:
Bibliografske podrobnosti
Glavni avtor: Dave Margoshes
Format: Knjiga
Jezik:Undetermined
Izdano: Canada Newest Press 2000
Teme:
Oznake: Označite
Brez oznak, prvi označite!
Thư viện lưu trữ: Trung tâm Học liệu Trường Đại học Cần Thơ
LEADER 00416nam a2200157Ia 4500
001 CTU_56117
008 210402s9999 xx 000 0 und d
082 |a 813.54 
082 |b M211 
100 |a Dave Margoshes 
245 0 |a I'm frankie sterne 
260 |a Canada 
260 |b Newest Press 
260 |c 2000 
650 |a Literature Canandian ( English ) 
980 |a Trung tâm Học liệu Trường Đại học Cần Thơ